| 000 | 01565cam a22003491 4500 | ||
|---|---|---|---|
| 001 | sa 68018309 | ||
| 003 | DLC | ||
| 005 | 20260227112710.0 | ||
| 008 | 860616s1968 ii 000 0 san | ||
| 010 | _asa 68018309 | ||
| 020 | _c6.00 | ||
| 025 | _aPL480: I-San-1967 | ||
| 035 | _a(OCoLC)14148470 | ||
| 040 |
_aDLC _cNN _dDLC |
||
| 041 | 0 | _asanhin | |
| 050 | 0 | 0 |
_aPK541 _b.V336 1968 |
| 100 | 0 |
_aVaradarāja, _dactive 17th century. |
|
| 245 | 1 | 0 |
_aMadhyasiddhāntakaumudī. _cŚrīvaradarājācāryaviracitā. 'Sudhā' 'Indumatī' Saṃskr̥ta Hindīvyākhyopetā. Saṃskr̥tavyākhyākāraḥ Śrīsadāśivaśāstrī Jośī. Hindīvyākhyākāraḥ Śrīrāmacandra Jhā. |
| 250 | _a[3. saṃskaraṇa] | ||
| 260 |
_aVārāṇasī, _bCaukhambā Saṃskr̥ta Sīrīja Āphisa, _c1968. |
||
| 300 |
_a16,740 p. _b19cm. |
||
| 440 | 0 |
_aHaridāsa-Saṃskr̥ta-granthamālā, _v213 |
|
| 500 | _aIn Sanskrit; commentaries in Hindi and Sanskrit; introductory matter in Hindi. | ||
| 500 | _aThe Madhyasiddhantakaumudī by Varadarāja is an abridgement of and based on the Siddhāntakaumudī of Bhaṭṭojī Dīkṣita, which is in turn a commentary on Pāṇini's Aṣṭādhyāyi. | ||
| 500 | _aCover title: Vaiyākaraṇa-madhyasiddhānta-kaumudī. | ||
| 650 | 0 |
_aSanskrit language _xGrammar. |
|
| 700 | 0 |
_aBhaṭṭojī Dīkṣita. _tSiddhāntakaumudī. |
|
| 700 | 0 |
_aPāṇini. _tAṣṭādhyāyi. |
|
| 700 | 1 |
_aJośī, Sadāśivaśāstri. _tSudhā. |
|
| 700 | 1 |
_aJhā, Rāmacandra. _tIndumatī. |
|
| 740 | 0 | _aVaiyakaraṇa-madhyasiddhāntakaumudī. | |
| 999 |
_c88316 _d88316 |
||